| 000 | 00509nam a2200169 i 4500 | ||
|---|---|---|---|
| 001 | 49646 | ||
| 003 | ES-MaACL | ||
| 005 | 20230906162033.0 | ||
| 007 | t| | ||
| 008 | 030721s1902 sp ||||1| spa d | ||
| 100 | 1 |
_aCotarelo Valledor, Armando, _d1879-1950 _941167 |
|
| 245 | 1 | 0 |
_aFray Diego de Deza _b: ensayo biográfico / _cpor Armando Cotarelo Valledor. |
| 260 |
_aMadrid : _b[s.n.], _c1902 ( _fJosé Perales) |
||
| 300 |
_a414 p. ; _c20 cm. |
||
| 852 |
_aES-MaACL _jF-7435 |
||
| 999 |
_c49646 _d49646 |
||